Almanac 1938.

محفوظ في:

مؤلف مشترك: Egypt. Maṣlaḥat al-Misāḥah.

التنسيق: كتاب

اللغة: English

منشور في: Cairo : Government Press, 1938.

الموضوعات:

الوسوم: إضافة وسم

لا توجد وسوم, كن أول من يضع وسما على هذه التسجيلة!

رقم الطلب: DT43 .A4 1938

LEADER 00513cam a2200193Ma 4500
001 ocm43174019
003 OSt
005 20250513133048.0
008 981127s1938 ua f f000 0 eng d
043 |a f-ua--- 
050 4 |a DT43 .A4 1938 
110 1 |a Egypt.  |b Maṣlaḥat al-Misāḥah. 
245 1 0 |a Almanac 1938. 
264 1 |a Cairo :  |b Government Press,  |c 1938. 
300 |a xvi, 606 pages [12] leaves of plates ;   |c 22 cm. 
651 0 |a Egypt  |v Periodicals. 
901 |a reviewed 
942 |2 lcc  |c BK 
999 |c 55355  |d 55355